000 00550nam a22001817a 4500
005 20241121070508.0
008 241121b |||||||| |||| 00| 0 eng d
020 _a9780409007220
041 _aEnglish
082 _a346.7 NOR
100 _lEnglish
245 _aNorman's Law of Purchase and Sale in South Africa /
_cRH Zulman and H Dicks
250 _aSixth Edition
260 _aDurban:
_bLexisNexis (Pty) Ltd,
_c2005
300 _bxviii, 360 pages;
_c25 cm.
650 _aLegal practice
_bLaw
942 _cBK
_6ALISON_BN_VRIES
999 _c3249
_d3249